000 00417nam a2200169Ia 4500
008 240825s9999 xx 000 0 und d
020 _a9789390063666
_qpbk
041 _aeng.
082 _a536.7
_bPLA
100 _aPlanck, Max.
245 4 _aThe Theory of Heat Radiation
_c Max Planck
250 _a1st edition
260 _bMjp
_c2023
_aChennai
300 _a217 pages
650 _aPhysics
942 _cENGLISH
999 _c557088
_d557088